[Event "Olympiad-39"]
[Site "Khanty-Mansiysk"]
[Date "2010.09.28"]
[Round "7.1"]
[White "Smeets, Jan"]
[Black "Dominguez Perez, Leinier"]
[Result "0-1"]
[WhiteElo "2669"]
[BlackElo "2716"]
[Annotator "Ftacnik,L"]
[PlyCount "82"]
[EventDate "2010.09.21"]
[EventType "team-swiss"]
[EventRounds "11"]
[EventCountry "RUS"]
[SourceTitle "CBM 139"]
[Source "ChessBase"]
[SourceDate "2010.11.18"]
[SourceVersion "1"]
[SourceVersionDate "2010.11.18"]
[SourceQuality "1"]
[WhiteTeam "Netherlands"]
[BlackTeam "Cuba"]
[WhiteTeamCountry "NED"]
[BlackTeamCountry "CUB"]

1. e4 c5 2. Nf3 d6 3. d4 cxd4 4. Nxd4 Nf6 5. Nc3 a6 6. Bg5 e6 7. f4 Nbd7 8. Qf3
Qc7 9. O-O-O b5 10. e5 Bb7 11. Qh3 dxe5 12. Nxe6 {White can afford to begin
with violent play, since his development advantage compensates for some
sacrificed material.} fxe6 13. Qxe6+ Be7 14. Nxb5 axb5 15. Bxb5 Be4 {Smeets
has invested two pieces and the position is quite critical for the defender.
Black is trying to get some counterplay in order to tie down some enemy pieces.
} 16. c3 (16. Rd2 Kf8 17. Bc4 Bg6 18. Bxf6 Nxf6 19. fxe5 Bb4 20. Rf2 (20. c3
Re8 $17) 20... Bf7 (20... Re8 $2 {Boensch} 21. Rxf6+ gxf6 22. Qxf6+ $18) 21.
Qxf7+ (21. Rxf6 gxf6 22. Qxf6 Rg8 23. e6 Rg7 $19) 21... Qxf7 22. Bxf7 Kxf7 23.
a3 $1 (23. exf6 $2 Rxa2 24. fxg7+ Kxg7 $19) 23... Be7 (23... Bc5 $142 24. Rf3
Bd4 25. exf6 gxf6 $5 $15 {Wittman-Gutman/1985/}) 24. exf6 Bxf6 25. c3 h5 26.
Rd1 $6 (26. Re2 $5 h4 27. h3 Rh5 28. Rd1 $10) 26... h4 27. h3 Rhe8 $15 {
0-1 Kamsky,G (2655)-Gelfand,B (2690)/Linares 1993 (80)}) 16... O-O-O {
Fortunately for Black long castling is probably not the only solution, but
certainly a desirable one. The king is running away into relative safety in
one move.} (16... Rd8 17. fxe5 (17. Rhe1 Kf8 18. Bxd7 Rxd7 19. Rxd7 Qxd7 20.
Qxd7 Nxd7 21. Bxe7+ Kxe7 22. Rxe4 Rf8 23. a4 (23. g3 Kd6 24. Kd2 Kd5 25. Ke3
$11) 23... Rxf4 24. Rxf4 exf4 25. a5 Kd6 {0-1 Nguyen Anh Dung (2539)-Wynn Zaw
Htun (2572)/Kuala Lumpur 2006 (40)}) 17... Bd5 18. Rxd5 Nxd5 19. Rd1 Qb6 20.
Bc6 Qxc6 $8 21. Qxc6 Bxg5+ 22. Kb1 Ne3 (22... Ne7 $2 23. Qb5 O-O 24. Rxd7 Rb8
25. Rb7 $18 {1-0 Chudinovskih,A (2315)-Karpman,V (2445)/Smolensk 1991 (40)})
23. Qe6+ Be7 24. Rd3 Rf8 25. a4 $1 $16) (16... Kf8 17. Rxd7 Qc5 18. Bc4 $1 (18.
fxe5 Nxd7 19. Rf1+ Nf6 20. Bc4 Ke8 21. Rd1 Rf8 22. Bxf6 Qe3+ 23. Rd2 Qe1+ 24.
Rd1 Qe3+ {1/2-1/2 Kalka,A (2330)-Ostermeyer,P (2400)/Germany 1995 (27)}) 18...
Bg6 19. Bxf6 gxf6 20. f5 $18) (16... Qc5 17. Bxd7+ Kf8 18. fxe5 (18. Rhe1 Bd5
19. Qxe5 Bxg2 (19... Bxa2 $1 20. Bc6 Rc8 21. Ba4 Bf7 $11) 20. Be6 h6 21. Bxf6
gxf6 22. Qe2 Bc6 23. Bb3 Rh7 24. Rg1 Rg7 25. Rxg7 Kxg7 26. Rd3 Kh7 27. Rg3 f5
28. Qe6 {1-0 Ungureanu,E (2320)-Tugui,A (2200)/Orange 1994}) 18... Ra3 $1 {
This move was never played before but it is more than logical. Black is
running forward towards the white king and keeps the balance.} (18... Bd5 $2
19. Rxd5 Qxd5 20. Qxd5 Nxd5 21. Rf1+ Nf6 22. exf6 Bxf6 23. Bxf6 gxf6 24. a4 $18
{0-1 Chudinovskih,A-Vexler,A/Omsk 1973 (30)}) 19. Rd2 Rxc3+ 20. bxc3 Qxc3+ 21.
Kd1 Qa1+ 22. Ke2 Qxh1 23. exf6 Qxg2+ 24. Ke1 Qg1+ 25. Ke2 Qg2+ $11) 17. Rhe1 {
White would dearly love to capture the bishop on e7, but he fails to have an
effective antidote to the move 17...Qb6!} (17. Qxe7 Qb6 $1 (17... h6 18. Bxf6
Nxf6 19. Qxc7+ Kxc7 20. fxe5 Ng4 21. Rxd8 Rxd8 $11) (17... Rhe8 18. Qb4 Bb7 (
18... Bxg2 19. Rhe1 Re6 $11) 19. fxe5 Qxe5 20. Bf4 Qe7 21. Qc4+ Qc5 22. Rxd7
Qxc4 23. Rxd8+ Kxd8 24. Bxc4 $18 {1-0 Pribyl,M (2300)-Vasilchenko,O (2425)/
Hlinsko 1993 (41)}) 18. Qb4 (18. Bxd7+ Rxd7 19. Rxd7 Nxd7 20. Qb4 Qe3+ 21. Kd1
Qd3+ 22. Ke1 Bxg2 {0-1 Smirnov,I (2331)-Shneider,A (2516)/Alushta 2001}) 18...
Qe3+ 19. Rd2 Nb8 (19... h6 $4 20. Ba6+ {1-0 Van der Wiel,J-Gutman,L Amsterdam
op 1984}) 20. c4 Bxg2 (20... Bf5 21. Bxf6 gxf6 22. Ba4 Rhg8 $19) 21. Rhd1 exf4
22. Qa5 Rxd2 23. Rxd2 Be4 24. Bh4 Qg1+ 25. Rd1 Qe3+ 26. Rd2 Qg1+ 27. Rd1 Qe3+
28. Rd2 Bb7 $17 {1/2-1/2 Balinov,I (2434)-Vlcek,S (2202)/Austria 1999 (35)})
17... Ba3 $1 {Chess opening theory is full of small paradoxes. The bishop will
be captured on a3, but the white queen will be incomparably more modest at the
edge of the board!} (17... Rhe8 18. Rxe4 Nxe4 19. Bxe7 Nxc3 (19... Nec5 20.
Bxd8 Rxe6 21. Bxc7 Kxc7 22. b4 exf4 23. bxc5 Nxc5 24. Rd5 Kb6 25. a4 $14 {
1-0 Hovhannisyan,R (2529)-Gopal,G (2611)/Martuni 2010 (33)}) 20. Qa6+ Qb7 21.
Rxd7 Nxa2+ 22. Kb1 Qxa6 23. Rxd8+ Kc7 24. Bxa6 Rxe7 25. Rc8+ Kb6 26. Bf1 $18 {
1-0 Kravtsiv,M (2546)-Kokarev,D (2612)/Bhubaneswar 2010 (35)}) 18. Qa6+ (18.
Ba6+ Bb7 19. Bxb7+ Kxb7 20. Qb3+ Nb6 21. Rxd8 Rxd8 22. Qxa3 e4 $15) 18... Bb7
19. Qxa3 e4 20. Rd4 (20. f5 Qe5 21. Qb4 Qxf5 22. Be3 Nd5 $15 {1/2-1/2 Vorobiov,
E (2592)-Grigoriadis,A (2330)/Chalkis 2010}) 20... Nc5 $5 {Since both players
are well versed in modern theory (Smeets was even part of Topalov's team in
the world championship match in Sofia 2010) it can be presumed, that they knew
about this idea of getting counterplay.} (20... Nb6 21. Rb4 Kb8 22. Ba6 Qd6 23.
Kb1 Rd7 $11) 21. Rc4 (21. Kb1 Nd3 22. Rc4) 21... Nd3+ 22. Kb1 Qxc4 23. Bxc4
Nxe1 24. Qc5+ Kb8 (24... Kd7 $2 25. f5 Ke8 26. Bb5+ Rd7 27. Qc7 $18) 25. Qe5+
Ka8 26. Qa5+ Kb8 27. Qe5+ Ka8 28. a4 $6 {[%mdl 4] It is not difficult to
understand the feelings of the white player. He can force a draw by perpetual
check, but that was not his ambition when he played this very sharp line.
Accepting some risk he decides to continue the fighting.} Rd1+ (28... Rhe8 29.
Qa5+ Kb8 30. Ba6 e3 31. Bxb7 Kxb7 32. Qb5+ $11) 29. Ka2 Nd5 30. f5 {Black is a
piece up and despite all the activity of the white pieces material still
counts for something.} (30. Bb3 Rd2 31. Ka3 Nc2+ 32. Bxc2 Rxc2 33. Qxe4 Rc1 $15
) (30. Qxg7 Rc8 31. Bb3 Rd2 $15) 30... Rc8 31. Bb3 $6 (31. Be2 $1 Nd3 32. Bxd3
exd3 33. Qxg7 Rg1 34. g3 Rg2 35. Ka3 $11) 31... Nd3 32. Qxg7 Rf1 33. Qd7 $2 {
In a higly charged position it is very easy to make a serious mistake. White
is seeking counterplay, but the idea should fail tactically.} (33. Qd4 Rxf5 34.
h4 Nc5 35. g4 Nxb3 36. Kxb3 Rf1 $15) (33. a5 Rxf5 34. Bd2 Rc5 $15) (33. f6 Rf2
34. Ka3 Rxb2 35. f7 Nxc3 36. Qxc3 Rxc3 37. f8=Q+ Bc8 $19) 33... Nc5 $6 {
Dominguez is missing the golden opportunity for a beautiful combination
deciding the outcome of an interesting game.} (33... Rxc3 $1 34. Qxb7+ (34.
bxc3 Nxc3+ 35. Ka3 Ra1+ 36. Ba2 Rxa2+ 37. Kb3 Nc5+ $19) (34. Qd8+ Rc8 35. Qa5+
(35. Qxc8+ Bxc8 36. Bxd5+ Kb8 37. Bxe4 Bxf5 $19) 35... Kb8 36. Bxd5 Bxd5+ 37.
Qxd5 Nb4+) 34... Kxb7 35. Bxd5+ Rc6 36. Bxe4 Nc5 37. Bf3 Nxa4 $19) 34. Qb5 (34.
Qf7 Nxb3 35. Kxb3 e3 $17) 34... Rxf5 35. Qa5+ $2 {Smeets was clearly getting
nervous due to the mounting activity of Black's pieces, but this check fails
completely.} (35. Bh4 Nxb3 36. Kxb3 Ne3 37. Qe2 Bd5+ 38. Ka3 Nc4+ $17) 35...
Na6 36. Ka3 (36. h4 Nxc3+ $19) 36... Rxg5 37. c4 e3 $1 {One of the last
remaining black pawns will become the hero of the day.} 38. cxd5 e2 39. Qe1 Re5
40. d6 Re3 41. Ka2 (41. d7 Rd8 42. Ka2 Nb4+ 43. Qxb4 e1=Q $19) 41... Nb4+ 0-1

[Event "RUS-ch Higher League 60th"]
[Site "Krasnoyarsk"]
[Date "2007.09.06"]
[Round "4"]
[White "Nepomniachtchi, Ian"]
[Black "Khismatullin, Denis Rimovich"]
[Result "0-1"]
[WhiteElo "2613"]
[BlackElo "2566"]
[Annotator "Ftacnik,L"]
[PlyCount "64"]
[EventDate "2007.09.03"]
[EventType "swiss"]
[EventRounds "11"]
[EventCountry "RUS"]
[SourceTitle "CBM 120"]
[Source "ChessBase"]
[SourceDate "2007.10.02"]
[SourceVersion "1"]
[SourceVersionDate "2007.10.02"]
[SourceQuality "1"]

1. e4 c5 2. Nf3 d6 3. d4 cxd4 4. Nxd4 Nf6 5. Nc3 a6 6. Bg5 e6 7. f4 Qc7 8. Bxf6
gxf6 9. Qf3 b5 10. O-O-O b4 11. Nce2 Bb7 {The Najdorf variation with 6.Bg5 is
returning to prominence, black players have to look for ways of dealing with
it. The line on the board suffers from the very loose black pawn structure.}
12. Qh5 Qc5 $6 (12... Qc8 13. Ng3 Nc6 14. Bc4 Nxd4 15. Rxd4 Qc5 16. Rhd1 Qxh5
17. Nxh5 Be7 18. f5 e5 19. R4d2 Bxe4 20. Rxd6 Kf8 (20... Bxd6 21. Nxf6+ Ke7 22.
Nxe4 Bc7 23. f6+ Ke8 24. Ng5 $16) 21. Bd5 Bxd5 22. R6xd5 {1-0 Onischuk,V (2411)
-Vovk,Y (2441)/Minsk 2006 (59)}) 13. e5 $1 Bc8 {If Black has to retreat with
the already developed bishop his position must be very serious.} (13... Bd5 14.
f5 Bxa2 15. b3 $16) (13... dxe5 $2 14. Nxe6 $18) (13... fxe5 14. Nxe6 Qe3+ 15.
Kb1 Ra7 16. Nc7+ Ke7 17. Ng3 $18) 14. Ng3 (14. Qf3 Ra7 15. Nb3 Qb6 16. exd6 $14
) 14... f5 (14... fxe5 $2 15. Ne4 Qa7 16. Nf6+ Kd8 17. fxe5 $18) 15. Ngxf5 $6 {
[%mdl 128] Nepomniashchy understands very well the need to shatter his
opponent's defenses. The only problem lies in the imprecise way of executing
the main idea.} (15. exd6 $1 Bxd6 16. Qh6 Rg8 (16... Bf8 17. Qf6 Rg8 18. Nxe6
$18) 17. Ndxf5 exf5 18. Qxd6 $16) 15... exf5 16. e6 (16. exd6 Bxd6 17. g3 O-O (
17... Bb7 18. Nxf5) (17... Ra7 18. Qh6 $16) 18. Bg2 Ra7 19. Qg5+ Kh8 20. Qf6+
Kg8 21. Qg5+ $11) 16... Bxe6 (16... Ra7 17. exf7+ Rxf7 18. Bxa6 $1 Nxa6 19.
Rde1+ Be7 20. Rxe7+ Kxe7 21. Re1+ Be6 22. Nxe6 Qf2 23. Re2 Qf1+ 24. Kd2 Rf6 25.
Nc5+ Kd8 26. Qh4 Rhf8 27. Nxa6 $16) 17. Nxe6 Qe3+ 18. Kb1 Qxe6 19. Bb5+ (19.
Bxa6 $5 Be7 $1 (19... Nxa6 20. Rhe1 O-O-O 21. Rxe6 fxe6 22. g4 $16) 20. Rhe1
Qf6 21. Bb5+ Kf8 22. Re3 Ra7 $17) 19... Kd8 $1 {Khismatullin finds the best
way of slipping away from the trouble.} (19... axb5 $2 20. Rhe1 Kd7 21. Rxe6
fxe6 22. Qf7+ Be7 23. Re1 $16) 20. Rhe1 Qf6 21. Qf3 Ra7 (21... Bg7 22. Re5 Ra7
23. Rxd6+ Qxd6 24. Rd5 Qxd5 25. Qxd5+ Nd7 $17) 22. Qf2 $2 {It is easy to
understand White's frustration with the transfer into the middlegame.
Unfortunatelly the white queen does not belong to f2 at all.} (22. Ba4 Bg7 23.
Qb3 Kc7 24. Qc4+ Kb7 25. Qd5+ Kb6 26. Qxd6+ Qxd6 27. Rxd6+ Kb7 $17) 22... Rb7
23. Ba4 Bg7 24. c3 bxc3 25. Bb3 (25. Re2 Nd7 26. Rc2 Kc7 $19) 25... Nd7 26. Re2
Re8 {Black enjoys an extra piece and a completely winning position.} 27. Rc2 (
27. Rxe8+ Kxe8 28. Qe1+ Qe7 $19) 27... Rc7 28. Qf3 Re4 (28... Nc5 29. Qxc3 (29.
Rxc3 Ne4 $19) 29... Qxc3 30. bxc3 Re3 31. Rxd6+ Ke7 32. Rdd2 Ne4 $19) 29. g4 (
29. Rxc3 Rxc3 30. Qxc3 Qxc3 31. bxc3 Ke7 $19) 29... Qe7 30. gxf5 (30. bxc3 fxg4
31. Qxg4 Bxc3 $19) 30... Re1 (30... cxb2 31. Qg2 Bf6 32. Qg8+ Qf8 $19) 31. Rxe1
(31. bxc3 Nc5 $19) 31... Qxe1+ 32. Rc1 Qxc1+ $1 (32... Qxc1+ $1 33. Kxc1 cxb2+
$19) 0-1

[Event "Grenke Chess Classic 4th"]
[Site "Karlsruhe/Baden-Baden"]
[Date "2017.04.20"]
[Round "5"]
[White "Caruana, Fabiano"]
[Black "Vachier Lagrave, Maxime"]
[Result "1/2-1/2"]
[WhiteElo "2817"]
[BlackElo "2803"]
[Annotator "Ftacnik,L"]
[PlyCount "85"]
[EventDate "2017.04.15"]
[EventType "tourn"]
[EventRounds "7"]
[EventCountry "GER"]
[EventCategory "20"]
[SourceTitle "CBM 178"]
[Source "ChessBase"]
[SourceDate "2017.05.14"]
[SourceVersion "1"]
[SourceVersionDate "2017.05.14"]
[SourceQuality "1"]

1. e4 c5 2. Nf3 d6 3. d4 cxd4 4. Nxd4 Nf6 5. Nc3 a6 6. Bg5 e6 7. f4 h6 8. Bh4
Qb6 9. a3 {Caruana was facing a difficult choise, as computers have played
hunderds of thousands games in the line with b2-pawn sacrifice. It seems to be
more prudent to avoid crazy lines analysed till move 30.} (9. Qd2 Qxb2) 9...
Be7 10. Bf2 Qc7 11. Qf3 Nbd7 12. O-O-O b5 13. g4 Bb7 14. h4 $146 {[%mdl 8] On
the high level this seems to be the novelty. White has been frustrated about
the idea g7-g5 after the bishop moves, hence the move that prevents it.} (14.
Bd3 g5 15. f5 Ne5 16. Qe2 Nxd3+ 17. cxd3 e5 18. Nc2 h5 19. gxh5 Nxh5 20. Kb1
Nf4 $15 {1/2-1/2 (45) Azarov,S (2626)-Wojtaszek,R (2700) Loo 2013}) (14. Bg2 g5
(14... Rc8 15. Kb1 g5 (15... g6 16. f5 gxf5 17. gxf5 e5 18. Nb3 Rg8 19. Rd2 Nb6
20. Bxb6 Qxb6 $15 {1/2-1/2 (60) Wan,Y (2494)-Gao,R (2475) China 2013}) 16. f5 (
16. Qh3 Nc5 17. Rhe1 h5 18. Nf5 Ncxe4 19. Bxe4 Nxe4 20. Bd4 Rg8 21. Nxe7 Kxe7
22. gxh5 gxf4 23. Qh4+ $16 {1-0 (37) Nakamura,H (2779)-Vachier Lagrave,M (2804)
London 2016}) 16... e5 17. Nb3 Nxe4 18. Nxe4 Qxc2+ 19. Ka2 Bxe4 20. Qxe4 Qxf2
21. Rhf1 Qb6 $17 {0-1 (54) Kanmazalp,O (2437)-Solodovnichenko,Y (2587) Teplice
2016}) 15. h4 (15. f5 e5 16. Nb3 h5 17. h3 Rc8 18. Rhe1 Nb6 19. Kb1 Nc4 20. Rd3
Bc6 21. Qe2 $11 a5 {1/2-1/2 (88) Henriquez Villagra,C (2517)-Salem,A (2656)
Doha 2016}) 15... gxf4 16. g5 Ne5 17. Qxf4 Nh5 (17... Nfg4 18. g6 Rf8 19. Bg3
h5 20. gxf7+ Rxf7 21. Qd2 Nc4 22. Qe2 $11 {1-0 (59) Yu,Y (2662)-Sethuraman,S 
(2553) Kocaeli 2013}) 18. Qd2 hxg5 19. hxg5 O-O-O 20. Kb1 Nc4 21. Qc1 Qc5 22.
g6 Bg5 23. Nxe6 fxe6 24. Bxc5 Bxc1 25. Kxc1 {1-0 (35) Naiditsch,A (2702)
-Guliyev,N (2545) Le Port Marly 2012} dxc5 $11) 14... d5 15. e5 (15. exd5 $2
Nxd5 16. Bg2 Rc8 $17) 15... Ne4 16. Rh3 {Vachier Lagrave has entered the very
top section of the world rating list. White is aware of the fact that an
advantage will not be easy to come by.} (16. Nxe4 dxe4 17. Qe3 Bd5 18. Bg2 Qb7
$11) 16... Nxf2 17. Qxf2 b4 18. axb4 (18. Nb1 $6 bxa3 19. Nxa3 Nc5 $15) 18...
Bxb4 19. f5 $1 {Very often the top players resemble the dangerous big cats 
(think lions, tigers, pumas). They can strike at any moment and their claws
are very dangerous. Black must be on the alert and try to minimise the danger.}
Nxe5 20. fxe6 O-O $1 21. Qg1 {White is not ready to sacrific his valuable
e6-pawn, but it means the investment of a tempo in a sharp position.} (21. g5
fxe6 22. Qg3 Rae8 23. gxh6 Rf6 24. hxg7 Bd6 $11) 21... Rae8 22. g5 h5 23. Be2 {
The computer is not very happy about this move, but the position remains very
sharp and dangerous if Black begins to play for a win.} (23. exf7+ Qxf7 24. Bg2
Ng6 25. Rf3 Nf4 26. Rdf1 Qc7 $11) 23... g6 (23... fxe6 $5 24. Bxh5 Re7 25. Kb1
Nc4 $15) 24. exf7+ Qxf7 25. Nb3 Nc4 {Black is instinctively gravitating
towards one critical position, that is not completely equal. There were other
solutions promising complete equality.} (25... Bc8 26. Rg3 Qf4+ 27. Kb1 Bxc3
28. Rxc3 Qxh4 29. Rxd5 Qe4 $11) 26. Rf3 Qg7 (26... Qe7 27. Rxf8+ Rxf8 28. Bxc4
dxc4 29. Nd2 Bc5 30. Qg3 $11) 27. Rxf8+ Rxf8 (27... Qxf8 28. Bxc4 dxc4 29. Qb6
cxb3 30. Qxg6+ Kh8 31. Qxh5+ Kg8 32. Qg6+ $11) 28. Qd4 Qxd4 29. Rxd4 Rc8 $6 {
Vachier Lagrave can not believe, that the endgame with an extra pawn could be
unpleasant. Too bad, as it will not be so bad, just really annoying.} (29...
Rf2 $5 30. Bxc4 dxc4 31. Rxc4 Rf1+ 32. Kd2 a5 33. Nc5 Bxc5 34. Rxc5 Rf4 35. Rb5
Bh1 36. Rxa5 Rxh4 $11) 30. Bd3 (30. Ne4 Be7 31. Ned2 Nxd2 32. Kxd2 Rf8 $11)
30... Nxb2 $1 (30... Bxc3 31. bxc3 Ne5 32. Na5 $14) 31. Rxb4 Nxd3+ 32. cxd3
Rxc3+ 33. Kd2 Rc7 34. Ke3 Bc8 (34... Kg7 $5 35. Kd4 Rf7 36. Ke5 Bc8 37. Nc5 a5
$11) 35. Kd4 Kf7 36. Nc5 Ra7 37. Kxd5 a5 38. Rf4+ $6 {Time trouble has
destroyed and also saved many a position. Caruana has not realised, that the
simple retreat to b3 could have been pretty unpleasant for Black.} (38. Rb3 $1
Ra8 39. d4 $14) 38... Bf5 39. Kc6 Ke7 40. Rd4 (40. Ra4 Bd7+ 41. Nxd7 Rxd7 42.
Rxa5 Rd6+ 43. Kc5 Rxd3 $11) 40... a4 41. Kb6 Ra8 42. Nxa4 (42. Kb7 Ra5 43. Kb6
$11) 42... Bxd3 43. Nc5 1/2-1/2